| 000 | 00764nam a2200289Ia 4500 | ||
|---|---|---|---|
| 001 | Z_3721 | ||
| 003 | CHAP | ||
| 008 | 220113s1984 xx 000 0 und d | ||
| 010 | _a166802 | ||
| 040 | _cCHAP | ||
| 090 | _aFolleto 477 | ||
| 100 |
_aGermán Alarcón, Carlos _9140922 |
||
| 245 |
_aCongelación de semen de ganado bovino / _cpor Carlos Germán Alarcón y Raimundo Rangel Santos |
||
| 260 |
_aChapingo, Méx. : _bUACH. Departamento de Zootecnia, _c1984 |
||
| 300 | _a12 h. | ||
| 440 | _a | ||
| 500 | _a | ||
| 503 | _a | ||
| 650 |
_aGanado bovino _xReproducción _9140778 |
||
| 650 |
_aSemen I. Rangel Santos, Raimundo _9140923 |
||
| 901 | _aFolleto 477 | ||
| 902 | _aA | ||
| 910 | _a1984 | ||
| 942 | _cc14 | ||
| 942 | _cc14 | ||
| 999 |
_c166802 _d166802 |
||